Countries with the Highest Percentage Aged Above 65 - Statistics

General Stats
  • This quiz has been taken 79 times
  • The average score is 20 of 25
Answer Stats
% Country % Correct
19 United Kingdom
97%
23 Italy
96%
27 Japan
96%
20 France
92%
20 Sweden
92%
19 Spain
90%
21 Finland
88%
21 Germany
88%
20 Denmark
85%
22 Portugal
85%
18 Switzerland
85%
19 Belgium
82%
19 Netherlands
82%
19 Austria
81%
20 Greece
79%
20 Croatia
70%
19 Hungary
70%
19 Czech Republic
67%
19 Slovenia
67%
18 Romania
66%
19 Estonia
62%
20 Latvia
62%
19 Lithuania
62%
21 Bulgaria
60%
19 Malta
48%
No matching quizzes found
Score Distribution
Percent of People with Each Score
Percentile by Number Answered
Your Score History
You have not taken this quiz